000 00868nam a2200253 i 4500
001 141193
003 ES-MaACL
005 20240524062958.0
007 t|
008 070920s1974 sp ||||1| spa d
020 _a84-7232-243-2
080 _a860-14"19"
100 0 _aVivanco, Luis Felipe,
_d1907-1975
_9115541
245 1 4 _aLos caminos, 1945-1965 ;
_bseguido de Continuación de la vida ; El descampado ; y Lugares vividos /
_cLuis Felipe Vivanco.
246 3 _aContinuación de la vida
246 3 _aLugares vividos
260 _aMadrid :
_bCultura Hispánica,
_c1974.
300 _a307 p. ;
_c21 cm.
490 1 _aPoesía de España y América. La encina y el mar ;
_v53
740 3 2 _aEl descampado.
830 1 _aPoesía de España y América. La encina y el mar ;
_v53
_9179340
852 _aES-MaACL
_jE-7770
999 _c141193
_d141193